Loyle Carner trivia - Statistics

General Stats
  • This quiz has been taken 326 times
  • The average score is 9 of 15
Answer Stats
Question Answer % Correct
What was the name of his 2019 album? Not waving but drowning
95%
What is Loyle’s real name? Ben Coyle-Larner
93%
What is his Mum’s name? (What a woman) Jean
93%
Which of these musicians has Loyle not collaborated with? Dave
85%
What was the name of his 2017 debut album that was nominated for the Mercury prize? Yesterday’s gone
73%
What is the name of his cooking school for kids with ADHD? Chilli con Carner
61%
Who was his Dad’s favourite Manchester United player and an icon for Carner himself? Eric Cantona
61%
What is the name of Loyle’s friend and manager? Tommo
54%
How many Brit awards has Carner been nominated for? Two
54%
How old is he? 25
51%
Where does his biological father descend from? Guyana
51%
Which song on his 2019 album discusses money impacting his friendship with long time friend and DJ Rebel Kleff? Krispy
49%
Which football team does he support? Liverpool
44%
Amongst others, who does Carner cite as one of his favourite American rappers? Common
29%
Which celebrity chef is Loyle a big fan of? Rick Stein
24%
No matching quizzes found
Score Distribution
Percent of People with Each Score
Percentile by Number Answered
Your Score History
You have not taken this quiz